[Event "Feffernitz op 28th"]
[Site "Feffernitz"]
[Date "2019.08.18"]
[Round "2"]
[White "Pacher, Simon"]
[Black "Schrammel, Alfred"]
[Result "1-0"]
[WhiteElo "2083"]
[BlackElo "1854"]
[PlyCount "67"]
[EventDate "2019.08.18"]
[EventType "swiss"]
[EventRounds "9"]
[EventCountry "AUT"]
[SourceTitle "EXT 2020"]
[Source "ChessBase"]
[SourceDate "2019.10.17"]
[SourceVersion "1"]
[SourceVersionDate "2019.10.17"]
[SourceQuality "1"]

1. e4 c5 2. Nf3 a6 3. a4 Nc6 4. Bc4 e6 5. Nc3 g6 6. d4 cxd4 7. Nxd4 Bg7 8. Be3 Nge7 9. 0-0 0-0 10. Nce2 d5 11. exd5 Nxd5 12. Nxc6 bxc6 13. Bc5 Re8 14. c3 e5 15. a5 Be6 16. Qa4 Nf4 17. Nxf4 exf4 18. Bxe6 Rxe6 19. Qxf4 Be5 20. Qc4 Qb8 21. f4 Bc7 22. b4 Qe8 23. g3 Re4 24. Bd4 Qe6 25. Qxe6 Rxe6 26. Rfe1 Rae8 27. Kf2 f5 28. Rxe6 Rxe6 29. Re1 Kf7 30. Rxe6 Kxe6 31. Ke3 h5 32. c4 Bd6 33. b5 c5 34. Be5 1-0